Passport to IELTS (Record no. 2045)

MARC details
000 -LEADER
fixed length control field 00406nam a2200157Ia 4500
008 - FIXED-LENGTH DATA ELEMENTS--GENERAL INFORMATION
fixed length control field 230312s9999||||xx |||||||||||||| ||und||
020 ## - INTERNATIONAL STANDARD BOOK NUMBER
International Standard Book Number 978-81-317-1316
082 ## - DEWEY DECIMAL CLASSIFICATION NUMBER
Classification number 428.0075
Item number HOP-P
100 ## - MAIN ENTRY--PERSONAL NAME
Personal name Hopkins Diana
245 #0 - TITLE STATEMENT
Title Passport to IELTS
260 ## - PUBLICATION, DISTRIBUTION, ETC.
Name of publisher, distributor, etc. Pearson Education
Place of publication, distribution, etc. India
Date of publication, distribution, etc. 1995
300 ## - PHYSICAL DESCRIPTION
Extent 164
546 ## - LANGUAGE NOTE
Language note Eng.
650 ## - SUBJECT ADDED ENTRY--TOPICAL TERM
Topical term or geographic name entry element Literature
Form subdivision Arriving in Britain , Water, Animals
942 ## - ADDED ENTRY ELEMENTS (KOHA)
Koha item type BOOK

No items available.

Powered by Koha